Geometría
Publicado:
Barcelona :
Diputación Provincial de Barcelona. Servicio de Extensión de Enseñanzas Técnicas ,
1940
Descripción Física:
3 v. ; 22 cm
Otros Autores:
Servicio de Extensión de Enseñanzas Técnicas
Materias:
Geometria
MARC
| LEADER | 00000nam a2200000Ia 4500 | ||
|---|---|---|---|
| 001 | 8661, 8662, 8665 | ||
| 008 | 160829s1940 xx 000 0 cat d | ||
| 080 | |a C-1-428, C-1-429, C-1-430 | ||
| 245 | |a Geometría | ||
| 260 | |a Barcelona : |b Diputación Provincial de Barcelona. Servicio de Extensión de Enseñanzas Técnicas, |c 1940 | ||
| 300 | |a 3 v. ; |c 22 cm | ||
| 650 | |a Geometria |9 23877 | ||
| 700 | |a Servicio de Extensión de Enseñanzas Técnicas |9 22818 | ||
| 710 | 1 | |a Barcelona (Catalunya : Província). |b Diputació |9 52408 | |
| 901 | |a Arxiu | ||
| 942 | |n 1 | ||
| 952 | |0 0 |1 0 |4 0 |6 C1428_C1429_C1430 |7 1 |9 42901 |a Arxiu |b Arxiu |d 2016-12-01 |l 0 |o C-1-428, C-1-429, C-1-430 |p 8661, 8662, 8665 |r 2016-12-01 00:00:00 |w 2016-12-01 |y ARXIU | ||
| 999 | |c 45407 |d 45407 | ||